01007nam a2200193 a 4500008004100000020001500041050001400056100001900070245007800089260003300167300002000200350000900220650001400229995014800243995014600391999001700537952013300554952012600687120416s1977 ||||||||||||||||| || u a0582641748 aHM 51 Pei aPeil, Margaret10aConsensus and conflict in African Societies: an introduction to sociology aHarlow, EssexbLongmanc1977 axv, 396p. : ill a0.00 0aSOCIOLOGY aMAIN LIBRARY OPEN ACCESSD0.00e709200FCBU-MAIN LIBRARY (Kitwe)H1I9.95jHM 51 PeiM1UAVAILABLEy008491ZMain Library Open Access Collection aTEXTBOOKS (SBE) D0.00e2075FCBU-SCHOOL TEXTBOOK COLLECTIONSH1I0.00jSCHOOL TEXTBOOKM2UAVAILABLEWNov 24, 2008y2075ZSchool Collections c79744d79744 00102lcc4070a001b001cMain Library Open Access Collectiond2023-06-29l0oHM 51 Peip008491r2023-06-29t1w2023-06-29y002 00102lcc4070a005b005c(SBE) School Collectionsd2023-06-29l0oSCHOOL TEXTBOOKp2075r2023-06-29t2w2023-06-29y002